000 00518nam a22001817a 4500
005 20231027153621.0
008 231027b |||||||| |||| 00| 0 eng d
020 _a978-93-89686-34-0
041 _aeng
082 _a615.19
100 _aKOKARE, PROF.CHANDRAKANT
_95016
245 _aA TEXTBOOK OF PHARMACEUTICAL BIOTECHNOLOGY: as per PCI regulations THIRD YEAR B. PHARM. SEMESTER-VI
250 _a3RD ED., 2021
260 _aPUNE
_bNIRALI PRAKASHAN
_c2021
300 _a18.14,p
650 _aPHARMACY
942 _cBK
999 _c8426
_d8424